Magnet Dan Dinamo

Bibliographic Details
Main Author: Lafferty, Peter
Format: Book

MARC

LEADER 00000cam a2200000 7i4500
001 0000010669
002 000011620
005 20000330.0
020 |a 9679025543 
090 0 0 |a J 500   |b LAF 
100 1 |a Lafferty, Peter 
245 1 0 |a Magnet Dan Dinamo 
999 |a 046802   |b BUKU   |c PINJAMAN   |e PERPUSTAKAAN KOMUNITI CAW KOTA DAMANSARA